000 00257nam a2200109Ia 4500
008 200302s9999 xx 000 0 und d
100 _aPyo mi Young
245 _aArchitctural Model 2
260 _bDamidi Publishing Co.,
260 _c2010
300 _a1095 P.,
999 _c3147
_d3147